Analýza nulového bodu pri hodnotení kooperačných tendencií vybraných podnikov služieb

Predikcia vývoja mikro a malých podnikov v oblasti služieb ako zraniteľných skupín podnikov so zreteľom na súčasnú situáciu v dôsledku pandemického infekčného ochorenia COVID‑19 spôsobeného novým koronavírusom SARS-CoV-2. Prieskum v rámci populácie Slovenskej republiky na 205 podnikoch v roku 2019....

Ausführliche Beschreibung

Gespeichert in:
Bibliographische Detailangaben
1. Verfasser: Gajdová, Denisa, 1977-
Format: Buchkapitel
Sprache:Slowakisch
Schlagworte:
Tags: Tag hinzufügen
Keine Tags, Fügen Sie das erste Tag hinzu!

MARC

LEADER 00000naa$a2200000$$$4500
001 0269621
005 20240502074226.8
041 0 |a slo 
044 |a SK 
245 1 0 |a Analýza nulového bodu pri hodnotení kooperačných tendencií vybraných podnikov služieb  |c Denisa Gajdová 
520 |a Predikcia vývoja mikro a malých podnikov v oblasti služieb ako zraniteľných skupín podnikov so zreteľom na súčasnú situáciu v dôsledku pandemického infekčného ochorenia COVID‑19 spôsobeného novým koronavírusom SARS-CoV-2. Prieskum v rámci populácie Slovenskej republiky na 205 podnikoch v roku 2019. Predikovanie budúceho dopytu vybraných služieb zákazníkmi. Analýza ekonomických faktorov pri jednotlivých prevádzkach z pohľadu kooperácie, identifikácia horizontálnych či vertikálnych prepojení a kooperácie v nich alebo medzi nimi navzájom ako pomoc pri čelení globálnym výzvam. 
610 2 0 |a modely dopytu 
610 2 0 |a break even point 
610 2 0 |a podnik malý 
610 2 0 |a služby zákaznícke 
610 2 0 |a efektívnosť podnikania 
610 2 0 |a kooperácia medzipodniková 
610 2 0 |a kríza 
610 2 0 |a Slovensko 
610 2 0 |a výskum podnikový 
610 2 0 |a analýza regresná 
100 1 |a Gajdová, Denisa, 1977-